000 00695nam a2200289Ia 4500
005 20260324123435.0
008 008 260324s9999 xx 000 0 eng d
020 _a9780203123782
037 _aEBOOK
040 _aCRL
040 _beng
040 _cCRL
041 _2eng
041 _aeng
084 _qCRL
100 _aJoel Oestreich
_91170319
245 0 _aInternational Organizations as Self-Directed Actors
245 2 _bA Framework for Analysis
260 _bTaylor and Francis
260 _c2012
365 _a
365 _b230
856 _uhttp://www.taylorfrancis.com/books/9780203123782
942 _cEBOOK
999 _c1763841
_d1763841